000 00299nam a2200121 a 4500
005 20141022141959.0
008 120229s19uu xx 00 eng d
050 _aCD-ROM
_bT63 1997
100 _aToropov, Brandon
245 _a60 Second memos /
_cBrandon Toropov.
260 _c1997.
942 _cAVM
999 _c276171
_d276171